LEADER 01928nam0 22003373i 450 001 REA0004526 005 20251003044333.0 010 $a8820720086 100 $a19910702d1990 ||||0itac50 ba 101 | $aita 102 $ait 181 1$6z01$ai $bxxxe 182 1$6z01$an 200 1 $aˆLa ‰Consob$elezioni di diritto del mercato finanziario. Appendice di aggiornamento della raccolta di disposizioni$fGustavo Minervini 210 $aNapoli$cLiguori$d1990 215 $a43 p.$d24 cm. 606 $aCommissione nazionale per le società e la borsa$2FIR$3CFIC005058$9E 676 $a346.4509$9DIRITTO PRIVATO. TITOLI DI RENDITA E TITOLI DI CREDITO. ITALIA$v22 676 $a346.4509$9DIRITTO PRIVATO. INVESTIMENTO E TITOLI NEGOZIABILI. ITALIA$v23 700 1$aMinervini$b, Gustavo$3CFIV060963$4070$0108979 801 3$aIT$bIT-000000$c19910702 850 $aIT-BN0095 $aIT-NA0079 $aIT-NA0070 901 $bNAP 01$cLT $n$ 901 $bNAP BU$c4 B $nPropedeutica. Formato cm. 20,1-28. 901 $bNAP BN$cMISC. $nLa consegna dei documenti è effettuata dall'Ufficio Distribuzione 901 $bNAP 01$cPOZZO LIB.$nVi sono collocati fondi di economia, periodici di ingegneria e scienze, periodici di economia e statistica e altri fondi comprendenti documenti di economia pervenuti in dono. 912 $aREA0004526 950 0$aBiblioteca Centralizzata di Ateneo$b1 v. (2. copia)$c1 v. in due copie$d 01LT (AR) 3 B 610$e 01AR 0070036105 VMA A4 1 v.$fB $h20140127$i20140127$c1 v. in due copie$d 01LT (AR) 3 B 612$e 01AR 0070036125 VMA A4(bis 1 v. (2. copia)$fY $h20190510$i20190510$c1 v.$d 01POZZO LIB.DONI DEMM 65$e 01 0000093055E VMA 1 v.$fB $h20221205$i20221205 977 $a 01$a BN$a BU 996 $aConsob$963105 997 $aUNISANNIO LEADER 01434nas 22004693a 450 001 9910894470703321 005 20260218110610.0 011 $a1923-8932 035 $a(DE-599)ZDB2630972-5 035 $a(CKB)3440000000000037 035 $a(CONSER)ce2004300710 035 $a(DE-599)2630972-5 035 $a(EXLCZ)993440000000000037 100 $a20040715a20039999 --- b 101 0 $aeng 181 $ctxt$2rdacontent 182 $cc$2rdamedia 183 $acr$2rdacarrier 200 10$aCiel variable $eCV 210 $aMontréal $cProductions Ciel variable$d©2004- 215 $a1 online resource 300 $aTitle from cover. 311 08$aPrint version: Ciel variable (Montréal, Québec : 2003) 1711-7682 (DLC)ce2004300710 (OCoLC)1083189715 517 3 $aCV 531 0 $aCiel var. 606 $aPhotography$zQuébec (Province)$vPeriodicals 606 $aPhotography$vPeriodicals 606 $aPhotography$2fast$3(OCoLC)fst01061714 607 $aQue?bec$2fast$1https://id.oclc.org/worldcat/entity/E39QbtfRCQp8M3whjghQmqVPXM 608 $aPeriodicals.$2aat 608 $aPeriodicals.$2fast 608 $aPeriodicals.$2lcgft 615 0$aPhotography 615 0$aPhotography 615 7$aPhotography. 676 $a770 686 $acci1icc$2lacc 906 $aJOURNAL 912 $a9910894470703321 920 $aexl_impl conversion 996 $aCiel variable$94234905 997 $aUNINA